Islamic Perspective (Record no. 19280)

MARC details
000 -LEADER
fixed length control field 00610nam a2200241 a 4500
020 ## - INTERNATIONAL STANDARD BOOK NUMBER
ISBN 1932099743
082 00 - DEWEY DECIMAL CLASSIFICATION NUMBER
Classification number 303.62597
Author Cutter CAP1
100 ## - MAIN ENTRY--AUTHOR NAME
Author name Capan, Ergun
245 ## - TITLE STATEMENT
Title Islamic Perspective
Sub title Terror and Suicide Attacks
260 ## - PUBLICATION, DISTRIBUTION, ETC. (IMPRINT)
Place of publication New Jersey, USA
Name of publisher Light
Year of publication 2010
300 ## - PHYSICAL DESCRIPTION
Number of Pages 155p
500 ## - GENERAL NOTE
General note includes index and biblioraphy
505 2# - FORMATTED CONTENTS NOTE
Formatted contents note index
650 ## - SUBJECT ADDED ENTRY--TOPICAL TERM
Topical Term Terrorism and Islam
942 ## - ADDED ENTRY ELEMENTS (KOHA)
Koha item type Books
700 1# -
-- Capan, Ergun
Holdings
Collection code Home library Current library Date acquired Cost, normal purchase price Full call number Accession Number Koha item type
  Henry Martyn Institute Library Henry Martyn Institute Library 04/25/2011 100.00 303.62597 CAP1 11002302 Books
                   Copyright © 2026 | Henry Martyn Institute | Hyderabad | TS-500052 | INDIA | Implemented by hmi.edu.in
Hit-Count:

Powered by Koha